Bloons TD 6 alle Türme - Statistiken

Allgemein
  • Dieses Quiz wurde 13 mal gespielt
  • Das Durchschnittsergebnis liegt bei 9 aus 25
Antwortstatistiken
Türme % Korrekt
Scharfschütze
67%
Wurfpfeilaffe
67%
Eisaffe
50%
Affendorf
42%
Affen-U-Boot
42%
Bananenplantage
42%
Bumerangaffe
42%
Reissnagelwerfer
42%
Superaffe
42%
Biestzähmer
33%
Bombenwerfer
33%
Freibeuteraffe
33%
Klebstoffschütze
33%
Meeraffe
33%
Mörseraffe
33%
Ninja-Affe
33%
Pfeilschussschütze
33%
Affenfliegerass
25%
Affenpionier
25%
Alchemist
25%
Desperado
25%
Druide
25%
Nagelfabrik
17%
Zaubereraffe
17%
Hubschrauberpilot
8%
Keine übereinstimmenden Quizze gefunden
Verteilung der Resultate
Anzahl Personen mit jedem Resultat
Perzentil nach korrekt beantworteten Fragen
Ihre Resultats-Entwicklung
Sie haben dieses Quiz noch nicht gespielt